| 000 | 00592cam a22001931 4500 | ||
|---|---|---|---|
| 001 | 000001090 | ||
| 005 | 20200929145456.0 | ||
| 008 | 780127s1968 fr a b 001 0 fre d | ||
| 040 |
_aDO-SdBNP _cTNJ _dDLC _dBNPHU |
||
| 082 |
_a677.649074 _bJ37t |
||
| 100 | 1 |
_aJarry, Madeleine. _93735 |
|
| 245 | 1 | 3 |
_aLa Tapisserie : _bdes origines à nos jours / _cMadeleine Jarry. |
| 260 |
_a[Paris] : _bHachette, _c1968. |
||
| 300 |
_a358, [1] p. : _bil. ; _c31 cm. |
||
| 504 | _aBibliografía: p. 349-354. | ||
| 650 | 4 |
_aTapices _xExposiciones _93736 |
|
| 910 | _aCatalogación derivada / LC | ||
| 049 | _aBNGR | ||
| 999 |
_c1050 _d1050 |
||